Normal view
MARC view
Entry Personal Name
001 - CONTROL NUMBER
- control field: 8184
003 - CONTROL NUMBER IDENTIFIER
- control field: OSt
005 - DATE AND TIME OF LATEST TRANSACTION
- control field: 20190812141710.0
008 - FIXED-LENGTH DATA ELEMENTS
- fixed length control field: 190812|| aca||aabn | a|a d
040 ## - CATALOGING SOURCE
- Original cataloging agency: OSt
- Transcribing agency: OSt
100 ## - HEADING--PERSONAL NAME
- Personal name: Pokharna, Ravi
670 ## - SOURCE DATA FOUND
- Source citation: Work cat.: (OSt): Pokharna, Ravi, Government initiatives for youth in North-East and J&K, 2019
